| 000 | 00623cam a2200217 a 4500 | ||
|---|---|---|---|
| 001 | 1629731 | ||
| 005 | 20180306033737.0 | ||
| 008 | 951213s1995 nyua f 000 0 eng | ||
| 010 | _a 95234064 | ||
| 020 | _a0345391373 | ||
| 040 |
_aDLC _cDLC _dDLC |
||
| 041 | _aeng | ||
| 080 | _a031.02 jud | ||
| 082 | 0 | 0 |
_a031.02 jud _220 |
| 100 | 1 | _a25 | |
| 101 | _aedu | ||
| 245 | 1 | 3 |
_aAn incomplete education / _cJudy Jones & William Wilson. |
| 906 |
_a7 _bcbc _corignew _d2 _encip _f19 _gy-gencatlg |
||
| 942 |
_2ddc _cBK |
||
| 999 |
_c44129 _d44129 |
||